书目信息 |
| 题名: |
ASP. NET程序设计实用教程
|
|
| 作者: | 陈巧莉 主编 | |
| 分册: | ||
| 出版信息: | 重庆 西南师范大学出版社 2006.08 |
|
| 页数: | 294页 | |
| 开本: | 26cm | |
| 丛书名: | 全国高职计算机专业教材 | |
| 单 册: | ||
| 中图分类: | TP393.4 | |
| 科图分类: | ||
| 主题词: | 互联网络--hu lian wang luo--程序设计--高等教育--教材 | |
| 电子资源: | ||
| ISBN: | 7-5621-3674-2 | |
| 000 | 00995nam 2200253 450 | |
| 001 | 012007013515 | |
| 005 | 20071109082650.90 | |
| 010 | @a7-5621-3674-2@dCNY29.00 | |
| 100 | @a20071108d2006 km y0chiy0120 ea | |
| 101 | 0 | @achi |
| 102 | @aCN@b500000 | |
| 105 | @aa z 000yy | |
| 106 | @ar | |
| 200 | 1 | @aASP. NET程序设计实用教程@AASP.NET cheng xu she ji shi yong jiao cheng@f陈巧莉主编@Fchen qiao li zhu bian |
| 210 | @a重庆@c西南师范大学出版社@d2006.08 | |
| 215 | @a294页@c图@d26cm | |
| 225 | 2 | @a全国高职计算机专业教材@Aquan guo gao zhi ji suan ji zhuan ye jiao cai@i计算机系列 |
| 330 | @a本书内容包括ASP.NET入门知识、ASP.NET的语法基础、C#编程语言、C#面向对象编程,ASP.NET常用组件对象,ASP.NET的Web服务器控件,数据库基础等。 | |
| 410 | 0 | @12001 @a全国高职计算机专业教材@i计算机系列 |
| 606 | 0 | @a互联网络@Ahu lian wang luo@x程序设计@x高等教育@j教材 |
| 690 | @aTP393.4@v4 | |
| 701 | 0 | @a陈巧莉@Achen qiao li@4主编 |
| 801 | 0 | @aCN@b@c20071109 |
| 905 | @b264825-26@dTP393.4@eC533@f2 | |
| ASP. NET程序设计实用教程/陈巧莉主编.-重庆:西南师范大学出版社,2006.08 |
| 294页:图;26cm.-(全国高职计算机专业教材.计算机系列) |
| ISBN 7-5621-3674-2:CNY29.00 |
| 本书内容包括ASP.NET入门知识、ASP.NET的语法基础、C#编程语言、C#面向对象编程,ASP.NET常用组件对象,ASP.NET的Web服务器控件,数据库基础等。 |
| ● |
| 相关链接 |
|
|
|
正题名:ASP. NET程序设计实用教程
索取号:TP393.4/C533
 
预约/预借
| 序号 | 登录号 | 条形码 | 馆藏地/架位号 | 状态 | 备注 |
| 1 | 264825 | 202648251 | 自科库301/301自科库 133排1列6层/ [索取号:TP393.4/C533] | 在馆 | |
| 2 | 264826 | 202648260 | 自科库301/301自科库 133排1列6层/ [索取号:TP393.4/C533] | 在馆 |